French: Feelings - Statistics

General Stats
  • This quiz has been taken 25 times
  • The average score is 5 of 10
Answer Stats
Hint Answer % Correct
Sad Triste
100%
Afraid Peur
80%
Happy Heureux
75%
Excited Excite
60%
Nervous Nerveux
60%
Angry Colère
40%
Disappointed Déçu
35%
I feel good Je me sens bien
30%
I feel bad Je me sens mal
30%
Suprised Suprise
15%
No matching quizzes found
Score Distribution
Percent of People with Each Score
Percentile by Number Answered
Your Score History
You have not taken this quiz